Score 0/22 Timer 10:00
0 Plays Today
Time elapsed Name the actress or the movie % Correct
0:45 to 0:57Julia Roberts in Notting Hill
86.8%
3:41 to 3:55Rachel McAdams in Mean Girls
80%
3:55 to 4:09Jodie Foster in The Silence of the Lambs
70.4%
0:09 to 0:24Ellen Page in Juno
68.4%
1:06 to 1:21Keira Knightley in Love Actually
67.1%
0:57 to 1:06Elisa Donovan in Clueless
66.1%
1:35 to 1:46Penélope Cruz in Vicky Cristina Barcelona
65.8%
Start to 0:09Uma Thurman in Pulp Fiction
64.3%
2:38 to 2:49Cate Blanchett in The Fellowship of the Ring
63.8%
3:15 to 3:29Meg Ryan in When Harry Met Sally...
61%
2:10 to 2:22Sofía Vergara in Hot Pursuit
53.2%
Time elapsed Name the actress or the movie % Correct
4:25 to 4:42Renée Zellweger in Bridget Jones's Diary
50.6%
3:29 to 3:41Kathy Bates in Misery
49.4%
1:46 to 2:00Zelda Rubinstein in Poltergeist
49.1%
3:00 to 3:15Audrey Hepburn in Breakfast at Tiffany's
48.4%
0:24 to 0:33Margot Robbie in Suicide Squad
36.2%
1:21 to 1:35Emma Stone in Easy A
35.9%
2:49 to 3:00Angelina Jolie in Girl, Interrupted
34.2%
4:09 to 4:25Linda Hamilton in The Terminator
28.9%
0:33 to 0:45Robin Wright in Forrest Gump
21.3%
2:00 to 2:10Mena Suvari in American Beauty
17.7%
2:22 to 2:38Olivia Wilde in Love the Coopers
6.3%
Come Together.
Have Fun.
All Virtual.
We all need to come together. Play Sporcle's virtual live trivia to have fun, connect with people, and get your trivia on. Join a live hosted trivia game for your favorite pub trivia experience done virtually. If a virtual private party is more your thing, go here for details.

You're not logged in!

Compare scores with friends on all Sporcle quizzes.
OR
Log In

Sporcle TV

Today on Sporcle TV


Watch our educational content, quiz creation guides, and fun videos on Sporcle TV.

Show Comments

Extras

Top Quizzes Today


Score Distribution

Paid Content

Your Account Isn't Verified!

In order to create a playlist on Sporcle, you need to verify the email address you used during registration. Go to your Sporcle Settings to finish the process.

Report this User

Report this user for behavior that violates our Community Guidelines.

Details: